Statistics for 2017 Top 10 Most Liveable Cities in the World

Click here to take the quiz!

General Stats

  • This quiz has been taken 113 times
  • The average score is 9 of 10

Answer Stats

RankAnswerCountry% Correct
4TorontoCanada
97%
1MelbourneAustralia
96%
2ViennaAustria
95%
9HelsinkiFinland
93%
3VancouverCanada
93%
7PerthAustralia
87%
8AucklandNew Zealand
84%
10HamburgGermany
78%
6AdelaideAustralia
76%
5CalgaryCanada
66%

Score Distribution

Percentile by Number Answered

Percent of People with Each Score

Your Score History

You have not taken this quiz